Nákladový model pre integrovaný manažérsky systém

Aplikácia nákladového modelu pre integrovaný manažérsky systém.

Gespeichert in:
Bibliographische Detailangaben
1. Verfasser: Tkáč, Michal, 1958-
Weitere Verfasser: Hajduová, Zuzana, 1974-, Andrejkovič, Marek
Format: Buchkapitel
Sprache:Englisch
Schlagworte:
Tags: Tag hinzufügen
Keine Tags, Fügen Sie das erste Tag hinzu!

MARC

LEADER 00000nla a2200000 4500
001 0178389
005 20240502073031.7
041 0 |a eng 
044 |a SK 
245 1 0 |a Nákladový model pre integrovaný manažérsky systém  |c Michal Tkáč, Zuzana Hajduová, Marek Andrejkovič 
520 |a Aplikácia nákladového modelu pre integrovaný manažérsky systém. 
610 2 0 |a systémy integrované manažérske 
610 2 0 |a systémy riadenia 
610 2 0 |a kvalita 
610 2 0 |a modely štatistické 
100 1 |a Tkáč, Michal, 1958- 
700 1 |a Hajduová, Zuzana, 1974- 
700 1 |a Andrejkovič, Marek